Loading...
| Beliefs | 5 | 6.00 | 2,160% | 0% | 0% |
| Current Events | 1 | 10.00 | 0% | 600% | 0% |
| Fine Arts - Auditory | 4 | 10.00 | 0% | 0% | 600% |
| Fine Arts - Other Arts | 1 | 0.00 | 0% | 0% | 0% |
| Fine Arts - Visual | 4 | 7.50 | 900% | 300% | 0% |
| Geography | 2 | 15.00 | 1,800% | 300% | 300% |
| History - American | 5 | 14.00 | 1,440% | 360% | 240% |
| History - European | 5 | 12.00 | 1,440% | 120% | 360% |
| History - World | 1 | 0.00 | 0% | 0% | 0% |
| Literature - American | 2 | 5.00 | 0% | 300% | 0% |
| Literature - British | 4 | 2.50 | 900% | 0% | 0% |
| Literature - European | 2 | 10.00 | 0% | 0% | 600% |
| Other Academic | 2 | 5.00 | 0% | 300% | 0% |
| Other Arts: Auditory | 1 | 10.00 | 0% | 600% | 0% |
| Other Arts: Visual | 2 | 15.00 | 0% | 300% | 600% |
| Other Science: Astronomy | 1 | 10.00 | 0% | 600% | 0% |
| Other Science: Computer Science | 1 | 20.00 | 3,600% | 600% | 0% |
| Other Science: Earth Science | 2 | 10.00 | 0% | 300% | 300% |
| Philosophy | 1 | 20.00 | 0% | 600% | 600% |
| Science - Biology | 5 | 12.00 | 1,440% | 120% | 360% |
| Science - Chemistry | 5 | 12.00 | 2,160% | 240% | 120% |
| Science - Physics | 5 | 10.00 | 1,440% | 120% | 240% |
| Social Science | 4 | 10.00 | 900% | 150% | 300% |
| 8 | 15.00 | 2,250% | 375% | 150% |